Top 10 Biggest Provinces in the World - Statistics

General Stats
  • This quiz has been taken 58 times
  • The average score is 4 of 10
Answer Stats
Area Answer % Correct
1.71 Million sq. KM Alaska
79%
2.64 Million sq. KM Western Australia
58%
2.03 Million sq. KM Nunavut
56%
1.54 Million sq. KM Quebec
50%
1.85 Million sq. KM Queensland
40%
2.16 Million sq. KM Greenland
37%
3.08 Million sq. KM Sakha Republic
29%
1.41 Million sq. KM Northern Territory
27%
1.55 Million sq. KM Amazonas
23%
2.36 Million sq. KM Krasnoyarsk Krai
12%
No matching quizzes found
Score Distribution
Percent of People with Each Score
Percentile by Number Answered
Your Score History
You have not taken this quiz